| 000 | 00000nam 2200000zi 4500 |
| 001 | 9.925295 |
| 003 | CaOODSP |
| 005 | 20241203113656 |
| 006 | m o d f |
| 007 | cr |n||||||||| |
| 008 | 230719n1984 quc o f|0| 0 eng d |
| 040 | |aCaOODSP|beng|erda|cCaOODSP |
| 043 | |an-cn--- |
| 086 | 1 |aEn4-561/1984E-PDF |
| 245 | 00|aAre you environmentally aware? |
| 264 | 1|aSainte-Foy, Québec : |bEnvironment Canada = Environnement Canada, |c[1984] |
| 300 | |a1 online resource (1 page) |
| 336 | |atext|btxt|2rdacontent |
| 337 | |acomputer|bc|2rdamedia |
| 338 | |aonline resource|bcr|2rdacarrier |
| 500 | |aDigitized edition from print [produced by Environment and Climate Change Canada]. |
| 500 | |aCaption title. |
| 500 | |aAt head of title: Fact Sheet. |
| 650 | 0|aHuman ecology|zCanada. |
| 650 | 6|aÉcologie humaine|zCanada. |
| 710 | 1 |aCanada. |bEnvironment Canada, |eissuing body. |
| 856 | 40|qPDF|s853 KB|uhttps://publications.gc.ca/collections/collection_2024/eccc/en4/En4-561-1984-eng.pdf |